David Mamet /

Bibliographic Details
Main Author: Carroll, Dennis, 1940-
Format: Book
Language:English
Published: New York : St. Martin's Press, 1987.
Series:Modern dramatists.
Subjects:

MARC

Tag First Indicator Second Indicator Subfields
LEADER 00000cam a2200000 a 4500
001 in00000012535
005 20151007051841.0
008 861105s1987 nyuaf b 00110 eng
010 |a  86029723  
020 |a 0312004451 :  |c $25.00 (est.) 
035 |a (OCoLC)14819288 
035 |9 AAA5105AM 
040 |a DLC  |c DLC  |d TXA  |d UtOrBLW 
049 |a TXAM  |c [A12638549] 
050 0 0 |a PS3563.A4345  |b Z62 1987 
082 0 |a 812/.54  |2 19 
100 1 |a Carroll, Dennis,  |d 1940- 
245 1 0 |a David Mamet /  |c Dennis Carroll. 
264 1 |a New York :  |b St. Martin's Press,  |c 1987. 
300 |a xii, 171 pages, 8 unnumbered pages of plates :  |b illustrations ;  |c 20 cm. 
336 |a text  |b txt  |2 rdacontent 
337 |a unmediated  |b n  |2 rdamedia 
338 |a volume  |b nc  |2 rdacarrier 
490 1 |a Modern dramatists 
504 |a Bibliography: pages 162-165. 
500 |a Includes index. 
600 1 0 |a Mamet, David  |x Criticism and interpretation. 
830 0 |a Modern dramatists. 
999 |a MARS 
999 f f |s 160bab6e-addb-3240-8602-97dcbfd4d4f6  |i db78408e-82db-34dd-8126-5e6bd2a47c39  |t 0 
952 f f |p ric  |a Texas A&M University  |b Rellis Campus  |c Joint Library Facility  |d Remote Storage  |t 0  |e PS3563.A4345 Z62 1987  |h Library of Congress classification  |i unmediated -- volume  |m A14812638549 
998 f f |a PS3563.A4345 Z62 1987  |t 0  |l Remote Storage